[Event "94th Tradewise Hastings Congress"]
[Site "Hastings"]
[Date "2019.01.05"]
[Round "9"]
[White "Chapman, Matt"]
[Black "Villiers, Thomas"]
[Result "1/2-1/2"]
[WhiteElo "1902"]
[BlackElo "2205"]
[Annotator "NA"]
[PlyCount "134"]
[EventDate "2018.12.28"]
[EventType "swiss"]
[EventCountry "ENG"]
[SourceTitle "playchess.com"]
[Source "ChessBase"]
[SourceQuality "1"]
[TimeControl "40/6000+30:3000+30"]

1. e4 {[%emt 0:00:00]} Nf6 {[%emt 0:00:00]} 2. e5 {[%emt 0:00:00]} Nd5 {[%emt 0:00:00]} 3. d4 {[%emt 0:00:00]} d6 {[%emt 0:00:00]} 4. Nf3 {[%emt 0:00:00]} dxe5 {[%emt 0:00:00]} 5. Nxe5 {[%emt 0:00:06]} c6 {[%emt 0:00:00]} 6. Nf3 {[%emt 0:00:34]} Bg4 {[%emt 0:00:19]} 7. h3 {[%emt 0:01:43]} Bh5 {[%emt 0:03:13]} 8. c4 {[%emt 0:01:39]} Nb6 {[%emt 0:01:37]} 9. Be3 {[%emt 0:17:10]} e6 {[%emt 0:00:50]} 10. Nc3 {[%emt 0:00:41]} Be7 {[%emt 0:01:22]} 11. g4 {[%emt 0:04:02]} Bg6 {[%emt 0:00:05]} 12. Ne5 {[%emt 0:00:11]} N8d7 {[%emt 0:00:35]} 13. Nxg6 {[%emt 0:00:21]} hxg6 {[%emt 0:00:05]} 14. Qe2 {[%emt 0:01:19]} Qc7 {[%emt 0:05:00]} 15. Bg2 {[%emt 0:01:54]} Nf6 {[%emt 0:01:05]} 16. O-O-O {[%emt 0:01:55]} O-O-O {[%emt 0:00:23]} 17. Kb1 {[%emt 0:04:15]} Kb8 {[%emt 0:01:11]} 18. d5 {[%emt 0:20:49]} cxd5 {[%emt 0:01:47]} 19. Bxb6 {[%emt 0:00:38]} Qxb6 {[%emt 0:02:09]} 20. cxd5 {[%emt 0:00:38]} Bb4 {[%emt 0:00:17]} 21. Qe5+ {[%emt 0:10:15]} Bd6 {[%emt 0:03:57]} 22. Qe3 {[%emt 0:03:11]} Qxe3 {[%emt 0:00:34]} 23. fxe3 {[%emt 0:00:05]} exd5 {[%emt 0:00:13]} 24. Nxd5 {[%emt 0:01:00]} Be5 {[%emt 0:00:15]} 25. Nxf6 {[%emt 0:01:13]} Bxf6 {[%emt 0:00:11]} 26. Bd5 {[%emt 0:00:40]} Rd7 {[%emt 0:00:20]} 27. e4 {[%emt 0:00:31]} g5 {[%emt 0:00:42]} 28. Rdf1 {[%emt 0:01:31]} Rc8 {[%emt 0:02:40]} 29. Rc1 {[%emt 0:03:56]} Re8 {[%emt 0:00:30]} 30. Rhf1 {[%emt 0:01:54]} Rd6 {[%emt 0:08:14]} 31. Rf3 {[%emt 0:05:43]} Rb6 {[%emt 0:00:49]} 32. b3 {[%emt 0:03:33]} Re7 {[%emt 0:01:55]} 33. Rc2 {[%emt 0:01:33]} Rd6 {[%emt 0:03:23]} 34. a4 {[%emt 0:03:33]} Be5 {[%emt 0:01:07]} 35. Rxf7 {[%emt 0:10:49]} Rxf7 {[%emt 0:00:08]} 36. Bxf7 {[%emt 0:00:08]} b6 {[%emt 0:05:27]} 37. Bc4 {[%emt 0:03:16]} Kc7 {[%emt 0:00:39]} 38. Rf2 {[%emt 0:01:20]} Bf4 {[%emt 0:04:24]} 39. Bd5 {[%emt 0:00:57]} Rh6 {[%emt 0:00:21]} 40. Rf3 {[%emt 0:00:54]} Kd6 {[%emt 0:00:14]} 41. Kc2 {[%emt 0:51:22]} Ke5 {[%emt 0:50:09]} 42. Rc3 {[%emt 0:01:45]} Rh8 {[%emt 0:01:31]} 43. Rf3 {[%emt 0:01:50]} a5 {[%emt 0:02:21]} 44. Rd3 {[%emt 0:01:54]} Bh2 {[%emt 0:00:24]} 45. Rf3 {[%emt 0:00:00]} Rc8+ {[%emt 0:00:00]} 46. Kd3 {[%emt 0:00:00]} Bf4 {[%emt 0:00:00]} 47. Rf1 {[%emt 0:00:00]} Kd6 {[%emt 0:00:00]} 48. h4 {[%emt 0:00:00]} Be5 {[%emt 0:00:00]} 49. hxg5 {[%emt 0:00:00]} Rc3+ {[%emt 0:00:00]} 50. Ke2 {[%emt 0:00:00]} Rg3 {[%emt 0:00:00]} 51. g6 {[%emt 0:00:00]} Rxg4 {[%emt 0:00:00]} 52. Bf7 {[%emt 0:00:00]} Rxe4+ {[%emt 0:00:00]} 53. Kd3 {[%emt 0:00:00]} Rd4+ {[%emt 0:00:00]} 54. Kc2 {[%emt 0:00:00]} Rg4 {[%emt 0:00:00]} 55. Rd1+ {[%emt 0:00:00]} Kc6 {[%emt 0:00:00]} 56. Rd2 {[%emt 0:00:00]} Rg3 {[%emt 0:00:00]} 57. Rd3 {[%emt 0:00:00]} Rg5 {[%emt 0:00:00]} 58. Rd2 {[%emt 0:00:00]} Bd6 {[%emt 0:00:00]} 59. Re2 {[%emt 0:00:00]} Bb4 {[%emt 0:00:00]} 60. Kd3 {[%emt 0:00:00]} Kc5 {[%emt 0:00:00]} 61. Rc2+ {[%emt 0:00:00]} Kd6 {[%emt 0:00:00]} 62. Re2 {[%emt 0:00:00]} b5 {[%emt 0:00:00]} 63. axb5 {[%emt 0:00:00]} Rxb5 {[%emt 0:00:00]} 64. Re6+ {[%emt 0:00:00]} Kc7 {[%emt 0:00:00]} 65. Re2 {[%emt 0:00:00]} Rg5 {[%emt 0:00:00]} 66. Rc2+ {[%emt 0:00:00]} Kd6 {[%emt 0:00:00]} 67. Re2 {[%emt 0:00:00]} Re5 {[%emt 0:00:00] Ke4 [%emt 00:00:17]} 1/2-1/2

[Event "94th Tradewise Hastings Congress"]
[Site "Hastings"]
[Date "2019.01.06"]
[Round "10"]
[White "Hawkins, Jonathan"]
[Black "Taylor, Adam C"]
[Result "1/2-1/2"]
[WhiteElo "2583"]
[BlackElo "2331"]
[Annotator "TA"]
[PlyCount "61"]
[EventDate "2018.12.28"]
[EventType "swiss"]
[EventCountry "ENG"]
[SourceTitle "playchess.com"]
[Source "ChessBase"]
[SourceQuality "1"]

{[%evp 27,61,13,15,11,18,11,12,9,11,1,12,8,7,8,10,0,0,0,9,10,8,18,8,6,4,-8,-6,-12,-12,-18,-21,-18,0,-22,0,-22]} 1. Nf3 d5 2. c4 e6 3. g3 Nf6 4. Bg2 Be7 5. d4 O-O 6. Nc3 dxc4 7. Ne5 Nc6 8. Bxc6 bxc6 9. Nxc6 Qe8 10. Nxe7+ Qxe7 11. Qa4 c5 12. dxc5 {E06: Closed Catalan: Early deviations} Qxc5 13. Be3 Qc7 14. Rd1 (14. O-O-O Ng4 15. Rd2 Nxe3 16. fxe3 Rb8 17. Rhd1 a5 18. Kb1 h6 19. Ka1 Rb4 {1-0 (49) Caruana,F (2822)-Nakamura,H (2777) Saint Louis 2018}) 14... Bb7 {LiveBook: 5 Games. The position is equal.} 15. f3 Nd5 16. Bd4 Rfd8 17. O-O e5 18. Nxd5 {[#]} Rxd5 $146 ({Predecessor:} 18... Bxd5 19. Be3 Be6 {½-½ (19) Gupta,A (2619)-Ganguly,S (2631) Al Ain 2015}) 19. Bc3 Qc5+ 20. Kg2 e4 21. Rxd5 Qxd5 22. Qd1 exf3+ 23. exf3 Qd3 24. Re1 Rd8 25. Qe2 {[#] White wants to mate with Qe8+!} h5 26. Qf2 Bc6 27. h3 a6 28. Re3 Qb1 29. Re1 Qd3 30. Re3 Qb1 31. Re1 {Accuracy: White = 41%, Black = 85%.} 1/2-1/2

[Event "94th Tradewise Hastings Congress"]
[Site "Hastings"]
[Date "2019.01.06"]
[Round "10"]
[White "Korneev, Oleg"]
[Black "Stefansson, Vignir Vatnar"]
[Result "1-0"]
[WhiteElo "2550"]
[BlackElo "2266"]
[Annotator "TA"]
[PlyCount "65"]
[EventDate "2018.12.28"]
[EventType "swiss"]
[EventCountry "ENG"]
[SourceTitle "playchess.com"]
[Source "ChessBase"]
[SourceQuality "1"]

{[%evp 20,65,33,25,45,41,65,16,62,36,62,35,38,20,24,16,85,77,87,87,87,101,92,87,87,89,89,84,191,190,198,194,192,187,189,188,239,246,237,235,243,247,269,274,276,277,278,281]} 1. e4 d5 2. exd5 Qxd5 3. Nc3 Qd6 4. d4 Nf6 5. Nf3 c6 6. Ne5 Nbd7 {B01: Scandinavian Defence} 7. Nc4 Qc7 8. Qf3 Nb6 9. Bf4 Qd7 10. Nxb6 axb6 11. O-O-O {LiveBook: 31 Games. aiming for d5.} e6 (11... Qd8 12. h3 e6 13. Bc4 Be7 14. g4 {½-½ (32) Grischuk,A (2750)-Rapport,R (2698) chess.com INT 2017}) 12. Bc4 Nd5 13. h4 $146 ({Predecessor:} 13. Ne4 Nxf4 14. Qxf4 {1-0 (30) Asis Gargatagli,H (2462)-Grafl,F (2391) Catalunya 2012}) 13... Bb4 14. Ne4 {[%cal Bc3e4,Be4g5,Bg5h3,Bh3f4][%mdl 32]} O-O 15. Kb1 b5 16. Bb3 b6 17. h5 {Threatens to win with h6.} f5 (17... h6 $11 {remains equal.}) 18. Ng5 $16 h6 19. Nh3 Bb7 20. Bxd5 Qxd5 21. Qxd5 exd5 22. Be5 Be7 23. Nf4 Bg5 (23... Rfe8 $16) 24. Ne6 $1 $18 {[%csl LRf8,LRg7]} Rf7 25. Nxg5 hxg5 26. h6 gxh6 27. Rxh6 $40 {[%csl Ge5][%cal Rh6h8][%mdl 128] White has strong attack.} Rh7 {[#]} (27... Kf8 $142 28. Re1 Ke7 29. Bf4+ Kd7) 28. Rdh1 $1 Rxh6 29. Rxh6 Bc8 30. Rxc6 Kf7 31. Rf6+ {White has a decisive advantage.} Ke7 32. Rxb6 Bd7 33. Bf6+ {Accuracy: White = 85%, Black = 50%.} 1-0

[Event "94th Tradewise Hastings Congress"]
[Site "Hastings"]
[Date "2019.01.06"]
[Round "10"]
[White "Gormally, Daniel W"]
[Black "Kjartansson, Gudmundur"]
[Result "1/2-1/2"]
[WhiteElo "2478"]
[BlackElo "2415"]
[Annotator "TA"]
[PlyCount "165"]
[EventDate "2018.12.28"]
[EventType "swiss"]
[EventCountry "ENG"]
[SourceTitle "playchess.com"]
[Source "ChessBase"]
[SourceQuality "1"]

{[%evp 14,165,27,20,25,12,20,8,24,28,62,30,95,97,136,120,122,134,131,58,82,45,57,47,207,215,220,210,233,225,205,210,218,217,218,218,218,218,257,155,142,154,164,164,204,127,154,63,71,40,40,40,40,40,35,29,29,29,29,29,42,40,41,43,43,35,33,0,29,29,29,29,29,29,29,29,29,29,29,23,23,23,22,22,22,21,21,21,21,8,8,8,8,8,8,8,8,8,32,32,70,70,70,70,70,70,70,70,70,70,70,70,70,70,70,70,70,70,70,70,70,70,70,70,70,70,70,70,70,70,70,70,70,70,70,70,70,70,70,70,70,70,70,70,70,70,70,70,70,70,70,70,70,70]} 1. e4 c5 2. Nf3 Nc6 3. Bb5 g6 4. O-O Bg7 5. Nc3 e5 6. Bxc6 bxc6 7. d3 Ne7 {B31: Sicilian: 2...Nc6 3 Bb5 g6} 8. a3 {LiveBook: 7 Games} (8. Be3 d6 9. Qd2 h6 10. a3 a5 11. Ne2 Rb8 12. Rfb1 f5 13. exf5 Nxf5 14. b4 axb4 15. axb4 Rxb4 16. Rxb4 cxb4 17. Qxb4 Nxe3 18. fxe3 {1-0 (24) Nepomniachtchi,I (2714)-Grischuk,A (2810) Beijing 2014}) 8... O-O 9. b4 $146 ({Predecessor:} 9. Be3 d6 10. b4 cxb4 11. axb4 Qc7 12. b5 Bd7 13. Rxa7 Rxa7 14. b6 Qb7 15. bxa7 {½-½ (37) Sutovsky,E (2590)-Lutz,C (2590) Bad Homburg 1997}) 9... cxb4 {The position is equal.} 10. axb4 d5 11. h3 f5 12. Re1 d4 (12... dxe4 $11 {keeps the balance.} 13. dxe4 Qxd1 14. Rxd1 fxe4) 13. Na4 $16 fxe4 14. dxe4 h6 15. c3 dxc3 16. Qxd8 (16. Qc2 $16) 16... Rxd8 $14 17. Nxc3 Nf5 18. Na4 Rb8 $2 (18... Nd4 $14) 19. exf5 $18 e4 20. Bf4 Rb5 21. f6 (21. fxg6 Bxa1 22. Rxe4 Bf5 $17) (21. Bc7 Rd7 $16) 21... Bxf6 {[#]} 22. Nd2 $1 g5 23. Be3 Bxa1 24. Rxa1 Rxb4 25. Nc5 a6 26. Ndxe4 Bf5 27. Nc3 Rc4 28. Ne2 Re8 29. Nb3 (29. Nxa6 $6 Ra8 $14) ({Inferior is} 29. Rxa6 Rxe3 30. fxe3 Rxc5 $11) 29... c5 30. Ng3 ({Don't do} 30. Nxc5 $6 Rxe3 31. fxe3 Rxc5 $16) (30. Rxa6 $16 {aiming for Ng3.} Bd3 31. Ra2) 30... Bc2 $1 $14 {[%cal Rc2b3]} 31. Nxc5 Rxe3 $1 {[%mdl 64] [#] Remove Defender} 32. fxe3 {Hoping for Ra5.} Rxc5 33. Rxa6 $16 {[%mdl 4096] Endgame KRB-KRN} Kh7 34. e4 Re5 35. Ra2 Rc5 36. Ra7+ Kg6 37. Ra6+ Kh7 38. Nh5 {Strongly threatening Ra7+.} Re5 39. Ra7+ Kh8 $1 ({Worse is} 39... Kg6 40. g4 Re7 41. Rxe7 Bd3 42. Rg7#) 40. Ra6 (40. Ra8+ {feels hotter.} Kh7 41. Ra2 Bb3 42. Ra7+ Kg6 43. g4) 40... Bxe4 41. Rxh6+ Kg8 42. Rb6 Kf7 43. Ng3 Ba8 44. Ra6 Bb7 45. Ra7 Rb5 46. Ra2 Kg6 47. Rd2 Bd5 48. Nf1 Kf6 49. Ne3 Be6 50. Kf2 Rb4 51. Nd1 g4 52. h4 g3+ {[%mdl 64] Discovered Attack, Decoy} 53. Kxg3 {Threatens to win with Rf2+.} Rg4+ 54. Kf3 {Black must now prevent g3.} Rxh4 55. Nf2 Bf5 56. g4 {White is slightly better.} Bxg4+ 57. Kg3 Rh5 58. Nxg4+ $14 {KRN-KR} Ke6 59. Re2+ Kd6 60. Kf4 Ra5 61. Nf6 Ra1 62. Ne4+ Ke6 63. Nc3+ Kd6 64. Rd2+ Ke6 65. Rb2 Rf1+ 66. Ke4 Re1+ 67. Kd4 Kf5 68. Rb8 Ra1 69. Re8 Ra5 70. Rf8+ Ke6 71. Ne4 Ra4+ 72. Ke3 Ra3+ 73. Kf4 Ra7 74. Rf6+ Kd5 75. Rd6+ Kc4 76. Rd1 Rh7 77. Kf5 Rh5+ 78. Ke6 Rh6+ 79. Kd7 Rg6 80. Nd6+ Kc5 81. Nf5 Kc4 82. Ne3+ Kc3 83. Nd5+ {Accuracy: White = 78%, Black = 65%.} 1/2-1/2

[Event "94th Tradewise Hastings Congress"]
[Site "Hastings"]
[Date "2019.01.06"]
[Round "10"]
[White "Petrov, Martin"]
[Black "Midhun, P U"]
[Result "1-0"]
[WhiteElo "2472"]
[BlackElo "2010"]
[Annotator "TA"]
[PlyCount "145"]
[EventDate "2018.12.28"]
[EventType "swiss"]
[EventCountry "ENG"]
[SourceTitle "playchess.com"]
[Source "ChessBase"]
[SourceQuality "1"]

{[%evp 12,145,12,4,7,3,12,10,0,-2,9,8,5,11,16,4,70,25,54,74,71,77,76,66,69,22,24,24,17,16,19,22,29,0,79,83,95,92,124,122,196,193,168,175,160,140,150,146,141,146,146,142,143,133,185,86,200,180,180,183,187,191,204,190,230,225,264,264,286,264,263,264,398,391,364,338,398,332,407,342,517,445,499,489,600,532,522,518,579,568,684,620,5122,2180,1404,1244,913,1050,1282,1116,1295,1198,1148,1085,1002,217,213,0,930,902,1344,1285,1083,433,1099,1087,1416,2118,1768,1768,6187,6187,29983,29979,29969,29981,29988,29989,29989,29989,29989,29990,29990,29991,29991,29992]} 1. d4 Nf6 2. Nf3 e6 3. Bf4 d5 4. e3 Be7 5. Bd3 O-O 6. Nbd2 b6 7. Ne5 {LiveBook: 10 Games. D02: 1 d4 d5 2 Nf3 sidelines, including 2...Nf6 3 g3 and 2...Nf6 3 Bf4} Ba6 (7... Bb7 8. Qf3 Ne8 9. Qh3 f5 10. g4 Nd6 11. Rg1 Nd7 12. gxf5 Nxf5 13. Bxf5 Rxf5 14. Qh6 Bf6 15. Rxg7+ Bxg7 16. Qxe6+ {1-0 (38) Tologontegin,S (2398)-Berzinsh,R (2410) Cheliabinsk 2018}) 8. Nc6 Qe8 $146 ({Predecessor:} 8... Nxc6 9. Bxa6 Nb4 10. Be2 c5 11. c3 Nc6 12. O-O a6 13. Rc1 Qd7 14. Nf3 Rfd8 15. Ne5 Nxe5 16. Bxe5 Ne8 17. Qb3 Qb7 18. Bf3 c4 19. Qc2 Bd6 20. Bxd6 Nxd6 {½-½ (20) Westerkamp,B (2149)-Ammerlaan,R Vlissingen 2002}) 9. Nxe7+ {The position is equal.} Qxe7 10. O-O Bxd3 11. cxd3 Rc8 12. Rc1 Qb4 13. Rc2 Na6 (13... Qb5 $11) 14. Qe2 (14. a3 $5 {[%cal Ra3b4]} Qb5 15. Qe2 $14) 14... Qb5 15. a3 $1 c5 16. Rfc1 Qe8 17. dxc5 Nxc5 18. d4 Nce4 19. Nxe4 dxe4 20. Qa6 Rxc2 21. Rxc2 Nd5 22. Qb7 Nxf4 (22... a5 $11 {keeps the balance.}) 23. exf4 $11 {[%mdl 4096] Endgame KQR-KQR} Rd8 24. Qxa7 Rxd4 {[%cal Rd4d1] [#]} 25. h3 $1 g5 (25... Rd6 $16) 26. Qxb6 $18 ({Resist} 26. fxg5 $6 Qd8 $14) 26... Rd1+ 27. Kh2 gxf4 28. Qb7 Rd5 29. Rc8 Rd8 30. Rc4 f5 31. Qc7 f3 32. gxf3 e3 (32... Rd7 $16 33. Qe5 exf3) 33. Qg3+ ({Worse is} 33. fxe3 Rd2+ 34. Kh1 Rd1+ 35. Kh2 Rd2+ 36. Kh1 Rd1+ 37. Kh2 Rd2+ $11) (33. Rc2 $18 {and White stays clearly on top.}) 33... Kf8 (33... Qg6 $16 34. Qxg6+ hxg6 35. fxe3 Rd2+ 36. Kg3 Rxb2) 34. Rc7 {[%csl Gc7][%cal Rg3g7] [#]} ({Don't do} 34. fxe3 $6 Rd2+ 35. Kg1 Rd1+ 36. Kf2 Rd2+ 37. Kg1 Rd1+ 38. Kg2 Rd2+ 39. Kh1 Rd1+ 40. Kh2 Rd2+ 41. Kh1 Rd1+ 42. Kg2 Rd2+ 43. Kg1 $16) 34... Rd7 35. fxe3 $40 {[%mdl 128] White is out for blood.} Qd8 36. Rxd7 Qxd7 {KQ-KQ} 37. Qf2 Qd3 38. Kg2 e5 39. Qe1 Kf7 40. Qc3 Qe2+ 41. Kg3 Ke6 (41... e4 {was necessary.} 42. fxe4 fxe4) 42. f4 exf4+ 43. exf4 {Strongly threatening Qe5+.} Kf7 44. b3 {[%cal Bb2b3,Bb3b4][%mdl 32]} Kg6 45. a4 Qf1 (45... Qe8 {keeps fighting.} 46. a5 Qe2) 46. Qe3 Kf7 47. a5 Kg6 48. b4 {b5! is the strong threat.} Kf7 49. Qa7+ Kg6 {intending ...Qd3+.} 50. Qb6+ Kh5 51. Qe3 Qb5 52. Qb3 (52. Kf2 $142 Qa4 53. Qe6 Qc2+ 54. Qe2+ Qxe2+ 55. Kxe2) 52... Qd7 53. Qf3+ Kh6 54. Qc3 {White wants to mate with Qf6+.} Qe6 55. b5 Qg8+ 56. Kf3 {And now Qf6+ would win.} Qd5+ 57. Kf2 {Intending Qf6+ and mate.} Qa2+ 58. Kf1 $2 (58. Ke3 Qe6+ 59. Kd2 Qd5+ 60. Kc1) 58... Qb1+ 59. Kf2 $2 (59. Ke2 Qxb5+ 60. Kf2) 59... Qa2+ 60. Ke3 Qe6+ 61. Qe5 Qb3+ 62. Kf2 (62. Kd4 $142 {White threatens Qf6+ and mate.} Qb4+ 63. Kd5 Qxb5+ 64. Kd6 Qa6+ 65. Kd7 Qb7+ 66. Qc7) 62... Qc2+ (62... Qa2+ $142 63. Ke3 Qa3+ 64. Kd4 Qb4+ 65. Ke3 Qa3+ 66. Kf2 Qa2+ 67. Kf1 Qb1+ 68. Kf2 Qa2+) 63. Qe2 Qc5+ 64. Qe3 Qd5 65. a6 {[%cal Ba5a6,Ba6a7][%mdl 32]} Qa2+ 66. Qe2 Qd5 67. a7 {White mates.} Qc5+ 68. Qe3 Qc2+ 69. Kg3 Qa2 70. Qb6+ Kh5 71. Qf2 Qg8+ 72. Kh2 Qd5 73. Qg2 {Precision: White = 78%, Black = 33%.} 1-0

[Event "94th Tradewise Hastings Congress"]
[Site "Hastings"]
[Date "2019.01.06"]
[Round "10"]
[White "Lalic, Bogdan"]
[Black "Sulskis, Sarunas"]
[Result "0-1"]
[WhiteElo "2420"]
[BlackElo "2525"]
[Annotator "TA"]
[PlyCount "139"]
[EventDate "2018.12.28"]
[EventType "swiss"]
[EventCountry "ENG"]
[SourceTitle "playchess.com"]
[Source "ChessBase"]
[SourceQuality "1"]

{[%evp 22,139,3,3,5,-17,-17,-14,-22,-16,-10,-12,-10,-8,-13,-11,-5,-6,0,-6,-6,-3,-6,-6,-7,-12,0,-25,-18,-43,-4,-45,-44,-39,-40,-35,-44,-81,-20,-86,-74,-91,-12,-12,0,-64,-58,-86,-24,-105,-74,-74,0,-112,-29,-55,-36,-31,0,0,0,-66,-12,-12,-12,-75,-75,-80,-80,-88,-77,-85,-40,-30,-68,-139,-139,-139,-139,-139,-139,-139,-139,-139,-139,-139,-137,-91,0,-137,-137,-137,-137,-460,-460,-324,-99,-324,-99,-99,-8,-1815,-1826,-1793,-1788,-1625,-1743,-1317,-1067,-1611,-1613,-12850,-29949,-29961,-29954,-29964,-29968,-29963,-29973,-11782]} 1. d4 e6 2. c4 Nf6 3. Nf3 d5 4. g3 Be7 5. Bg2 O-O 6. O-O dxc4 7. Qc2 b6 {E05: Open Catalan: 5 Nf3 Be7} 8. Bg5 (8. Ne5 Qxd4 9. Bxa8 Qxe5 10. Bf3 Nd5 11. Qxc4 Ba6 12. Qa4 c5 13. Na3 Qc7 14. Rd1 Qc8 15. Bd2 {½-½ (27) Cheparinov,I (2711)-Bacrot,E (2677) Zagreb 2018}) 8... Nd5 9. Bxe7 Qxe7 10. Qxc4 Ba6 11. Qc2 Nd7 12. Nc3 {LiveBook: 6 Games} Nxc3 13. Qxc3 (13. bxc3 {feels hotter.} c5 14. Rfe1 Rac8 15. Qa4 Nb8 16. e4) 13... Bxe2 $146 ({Predecessor:} 13... Rac8 14. Rfe1 Bb7 15. Ne5 Bxg2 16. Nxd7 Qxd7 17. Kxg2 {½-½ (38) Baenziger,F (2377)-Guidarelli,L (2464) Le Castella 2018}) 14. Rfe1 Bxf3 15. Bxf3 Rac8 16. Bb7 Rb8 17. Qxc7 Qd8 18. Rac1 Nf6 19. Red1 {[%cal Be1d1,Bd1d3,Bd3e3][%mdl 32]} a5 20. Rd3 Qxc7 21. Rxc7 Rfd8 {...Ne8 is the strong threat.} 22. Bf3 g5 23. h3 Rd6 24. Bc6 Kg7 25. Re3 h6 26. Kg2 Kg6 27. Be4+ Nxe4 28. Rxe4 $15 {[%mdl 4096] Endgame KRR-KRR} Rbd8 29. Rb7 Rc8 (29... Rc6 $17) 30. Re3 (30. h4 $11) 30... Rc2 $17 31. Rf3 f5 (31... Rxb2 32. Rbxf7 e5 33. dxe5 $16) ({Black should try} 31... f6 $17 32. Rb3 Rxd4 33. R7xb6 Rdd2) 32. Rb3 $11 Rxd4 {White must now prevent ...Rdd2.} 33. R7xb6 (33. R3xb6 $11 Re2 34. Re7) 33... Re4 $15 34. Rc3 Rd2 (34... Rxc3 $17 35. bxc3 Kf6) 35. Kf1 (35. Rcc6 $11 {remains equal.}) 35... Rd1+ 36. Kg2 Rd2 37. Kf1 g4 (37... Kf6 $17) 38. hxg4 $11 fxg4 39. f3 Rd1+ 40. Kf2 Rd2+ 41. Kf1 Ree2 (41... gxf3 $15 42. Rxf3 Ree2) 42. fxg4 Kg5 43. Rd3 (43. Rc5+ $11 Kxg4 44. Rxa5) 43... Rf2+ $1 $17 {[%mdl 1024] Black has strong compensation.} ({Much worse is} 43... Rxd3 44. Kxe2 Rxg3 45. Rxe6 $11) 44. Kg1 Rg2+ $1 ({Much weaker is} 44... Rxd3 45. Kxf2 Kxg4 46. Rxe6 $11) 45. Kf1 {[#]} Rdf2+ $1 46. Ke1 Re2+ 47. Kf1 Kxg4 48. Rxe6 (48. Rd4+ $15 Kh3 49. Rb3 Ref2+ 50. Ke1) 48... Ref2+ (48... Rxe6 $6 49. Kxg2 Re2+ 50. Kf1 $11) (48... Rxb2 $6 49. Re4+ Kf5 50. Rf4+ Kg5 51. Rd5+ Kg6 52. Rd6+ Kh7 53. Rd7+ Kg8 54. Rd8+ Kg7 55. Rd7+ Kg8 56. Rd8+ Kg7 57. Rd7+ Kg8 $11) 49. Ke1 Rxb2 {[%cal Rg2g1]} 50. Re4+ Kg5 {[%cal Rg2g1]} 51. Kf1 Rbf2+ ({Don't play} 51... Rxa2 $6 52. Rd5+ Kg6 53. Rg4+ Kf7 54. Rf4+ Ke6 {[#]} 55. Rxa5 $1 $11 {[%mdl 512]}) 52. Ke1 Rxa2 {[%cal Rg2g1]} 53. Kf1 Rh2 {[%cal Rh2h1]} 54. Kg1 Rhg2+ 55. Kf1 Rgb2 56. Rd5+ Kf6 57. g4 $2 {[%mdl 8192]} (57. Re3 $17 {is more resistant.}) 57... Ra1+ $19 58. Re1 Rxe1+ 59. Kxe1 {KR-KR} a4 {Strongly threatening ...a3.} 60. Ra5 Rb4 (60... Ra2 $17) 61. Ke2 $2 {[%mdl 8192]} (61. Kf2 $11) 61... Rxg4 62. Kf3 Rc4 63. Ke3 Kg6 64. Kf3 h5 {[%cal Bh6h5,Bh5h4,Bh4h3][%mdl 32]} 65. Kg3 h4+ 66. Kf3 h3 67. Kg3 {Black mates.} Rc3+ 68. Kh2 a3 69. Kg1 Kf6 70. Kh2 {Accuracy: White = 32%, Black = 65%.} 0-1

[Event "94th Tradewise Hastings Congress"]
[Site "Hastings"]
[Date "2019.01.06"]
[Round "10"]
[White "Bates, Richard A"]
[Black "Cherniaev, Alexander"]
[Result "0-1"]
[WhiteElo "2372"]
[BlackElo "2393"]
[Annotator "TA"]
[PlyCount "116"]
[EventDate "2018.12.28"]
[EventType "swiss"]
[EventCountry "ENG"]
[SourceTitle "playchess.com"]
[Source "ChessBase"]
[SourceQuality "1"]

{[%evp 13,116,0,0,-14,0,-30,-16,-19,0,-72,-48,-47,-47,-73,-27,-40,-17,-12,0,-27,-19,-24,-15,-15,-8,-26,-31,-37,-25,-44,-28,-37,0,-12,0,0,15,13,16,24,15,15,48,25,40,27,30,-85,-83,-92,0,0,0,-9,-11,-57,-70,-117,-110,-114,-108,-194,-166,-179,-35,-45,-60,-278,-290,-284,-158,-155,-148,-212,-193,-283,-301,-345,-308,-328,-347,-319,-318,-485,-464,-509,-517,-502,-519,-899,-736,-844,-417,-406,0,-838,-812,-801,-746,-902,-894,-799,-783,-720,-681]} 1. d4 g6 2. Nf3 Bg7 3. g3 c5 4. Bg2 cxd4 5. Nxd4 Nc6 6. Nb3 d6 {A04: Unusual lines after 1 Nf3 and King's Indian Attack} 7. Nc3 (7. O-O h5 8. h4 Be6 9. N1d2 Qd7 10. Nf3 Bh3 11. Bxh3 Qxh3 12. Qd5 Qd7 13. Rd1 Nf6 14. Qd3 O-O 15. Bg5 {0-1 (39) Laznicka,V (2672)-Navara,D (2739) Chartres 2017}) 7... Nf6 {LiveBook: 51 Games} 8. a4 Be6 {The position is equal.} 9. Nd4 $146 ({Predecessor:} 9. a5 a6 10. e4 Bxb3 11. cxb3 Nd7 12. Nd5 e6 13. Ne3 Nxa5 14. O-O O-O 15. b4 {½-½ (79) Loginov,V (2499)-Shchukin,D (2389) St Petersburg 2001}) 9... Bd7 10. O-O O-O 11. h3 (11. Nb3 $11 {remains equal.}) 11... Qc8 12. Nxc6 bxc6 13. Kh2 Rb8 14. e4 Be6 15. f4 Nd7 {[%cal Bf6d7,Bd7c5,Bc5a6,Ba6b4][%mdl 32]} 16. Qf3 Nc5 17. Re1 Na6 18. Qf2 Qc7 19. a5 Nb4 20. Be3 c5 $1 21. f5 Bc4 22. Qd2 Qd8 23. b3 Ba6 24. Rad1 Nc6 (24... Qxa5 $5 {[%cal Rb4c2]} 25. Nd5 Qd8 $11) 25. Nd5 Re8 26. Bg5 Be5 27. Bf4 Rb7 28. Bxe5 Nxe5 29. Qh6 Bb5 30. Rf1 (30. Nf4 $11) 30... Bxf1 $17 31. Rxf1 {[#]} Kh8 (31... f6 $1 $17 {Hoping for ...g5.} 32. fxg6 hxg6) 32. a6 $11 Rd7 $1 {White should prevent ...Rg8.} ({Avoid the trap} 32... Rb5 $2 33. f6 $18) 33. f6 {[%csl Gf6][%cal Rh6g7]} Rg8 {Black wants to play ...e6.} 34. fxe7 Rxe7 35. g4 Re6 36. g5 Rg7 37. Rf4 (37. Qh4 $17) 37... Nd7 $19 38. Nf6 Qe7 ({Black should try} 38... Re5 $19 {Strongly threatening ...Nxf6.} 39. Nxd7 Qxd7) 39. Nd5 $15 Qf8 40. Nc7 $2 (40. Bf3 $1 $15) 40... Re5 $19 41. Nd5 Rg8 (41... Qd8 $19 42. Qh4 Rxg5) 42. Qh4 $17 f5 43. Qf2 (43. b4 $17) 43... Qd8 $19 44. exf5 (44. h4 {was called for.}) 44... Qxg5 {[%cal Rg6f5]} 45. h4 Qh5 {...g5 is the strong threat.} 46. Bf3 Qh6 47. fxg6 Qxg6 ({Don't do} 47... Rxg6 48. Kh3 $19) 48. c4 (48. Rg4 $142 Qf7 49. Rxg8+ Qxg8 50. Qd2) 48... Ree8 49. Bg4 Ne5 50. Be2 Qh6 51. Rf5 (51. h5 $142) 51... Ref8 {[#] ( -> ...Rxf5)} 52. Nf6 Rg6 (52... Rg7 $142 53. Nh5 Rxf5 54. Qxf5 Rf7) 53. Nh5 Rgg8 (53... Rfg8 $142 54. Rf6 Rxf6 55. Qxf6+ Qxf6 56. Nxf6 Rb8) 54. Nf6 $1 Rg7 {Black is clearly winning.} 55. Bh5 Qc1 56. Ng4 Rxf5 57. Qxf5 Nxg4+ 58. Bxg4 Qb2+ {Accuracy: White = 47%, Black = 51%.} 0-1